Revue francaise des affaires sociales

Saved in:
Bibliographic Details
Format: Serial
Language:French
Published: Paris : Ministere des affaires sociales, La documentation francaise, 1967-
Subjects:
Tags: Add Tag
No Tags, Be the first to tag this record!

MARC

LEADER 00000nas a2200000 i 4500
001 1/97940
008 000113c19679999fr fre
022 |a 00352985 
035 |l 10056325 
040 |a GR-MY-UA  |b gre  |e aacr 
041 1 |a fre 
082 0 |a 331.05  
245 1 0 |a Revue francaise des affaires sociales   |h [περιοδικό]  
260 |a Paris :   |b Ministere des affaires sociales,   |b La documentation francaise,   |c 1967-  
300 |a τ. :   |b εικ. ;   |c 24 εκ.  
310 |a Τριμηναίο, 1967- ; Τριμηνιαίο, με ετήσιο συμπλήρωμα, 1991-  
650 0 0 |a Working class  |x Periodicals. 
650 0 0 |a Working class  |z France  |x Periodicals. 
650 0 0 |a Public health  |z France  |x Periodicals. 
853 |a INST  |b CHIOS  |c SER  |h 331.05 
901 |a BIBL2-2004-1 
922 |a 2ΕΛΗ  |b 198809  |c ΚΕΝΤΡΙΚΗ ΒΙΒΛΙΟΘΗΚΗ  |d SWETS 
970 |a ΣΠΕΝΤΖΑ  |b ΕΛΕΝΗ  |z 2004/03/22